The Usborne introduction to art : (Record no. 110309)
[ view plain ]
| 000 -LEADER | |
|---|---|
| fixed length control field | 01133nam a2200181 a 4500 |
| 005 - DATE AND TIME OF LATEST TRANSACTION | |
| control field | 20140414131853.0 |
| 008 - FIXED-LENGTH DATA ELEMENTS--GENERAL INFORMATION | |
| fixed length control field | 100813s19uu xx 00 eng d |
| 020 ## - INTERNATIONAL STANDARD BOOK NUMBER | |
| International Standard Book Number | 0439792029 |
| 050 ## - LIBRARY OF CONGRESS CALL NUMBER | |
| Classification number | M 700 |
| Item number | D53 2005 |
| 100 ## - MAIN ENTRY--PERSONAL NAME | |
| Personal name | Dickins, Rosie. |
| 245 ## - TITLE STATEMENT | |
| Title | The Usborne introduction to art : |
| Remainder of title | in association with the National Gallery, London. |
| Statement of responsibility, etc | Rosie Dickins with Mari Griffith ; art historical advisor, Erika Langmuir ; edited by Jane Chisholm ; designed by Mary Cartwright, Vici Leyhane and Ca |
| 260 ## - PUBLICATION, DISTRIBUTION, ETC. (IMPRINT) | |
| Place of publication, distribution, etc | New York : |
| Name of publisher, distributor, etc | Scholastic, |
| Date of publication, distribution, etc | 2005, c2003. |
| 500 ## - GENERAL NOTE | |
| General note | Introduction -- Ancient and medieval art -- Renaissance -- Baroque and Rococo -- Revolution -- Modern world -- Behind the scenes. Originally published in 2003 by Usborne Publishing Ltd. Includes index. |
| 520 ## - SUMMARY, ETC. | |
| Summary, etc | Detailed introduction to the history of art with Internet links about featured artists and examples of their work and works by related artists. |
| 650 ## - SUBJECT ADDED ENTRY--TOPICAL TERM | |
| Topical term or geographic name as entry element | Art appreciation --Juvenile literature. |
| 650 ## - SUBJECT ADDED ENTRY--TOPICAL TERM | |
| Topical term or geographic name as entry element | Art --Computer network resources --Juvenile literature. |
| Withdrawn status | Lost status | Damaged status | Home library | Current library | Shelving location | Date acquired | Total Checkouts | Full call number | Barcode | Date last seen | Price effective from | Koha item type |
|---|---|---|---|---|---|---|---|---|---|---|---|---|
| Munich Library | Munich Library | Main Section | 08/13/2010 | M 700 D53 2005 | M0685 | 04/14/2014 | 04/14/2014 | Books |